书目信息 |
| 题名: |
晶体管脉冲数字电路
|
|
| 作者: | ;清华大学工业自动系 编 | |
| 分册: | 下册 | |
| 出版信息: | 北京 科学出版社 1971 |
|
| 页数: | 305页 | |
| 开本: | 19cm | |
| 丛书名: | ||
| 单 册: | ||
| 中图分类: | TN78 | |
| 科图分类: | ||
| 主题词: | 脉冲电路:数字电路:晶体管电路 , 数字电路:晶体管电路:脉冲电路 , 晶体管电路:数字电路:脉冲电路 | |
| 电子资源: | ||
| ISBN: | ||
| 000 | 00863nam0 2200253 45 | |
| 001 | 0185020513 | |
| 005 | 20060516105937.21 | |
| 010 | @dCNY0.65 | |
| 091 | @a15031.22 | |
| 100 | @a19900921d1971 em y0chiy0121 ea | |
| 101 | 0 | @achi |
| 102 | @aCN@b110000 | |
| 105 | @ay z 000yy | |
| 200 | 10 | @a晶体管脉冲数字电路@Ajing ti guan mai chong shu zi dian lu@h下册@f清华大学电子工程系,清华大学工业自动系编@Fqing hua da xue dian zi gong cheng xi,qing hua da xue gong ye zi dong xi bian |
| 210 | @a北京@c科学出版社@d1971 | |
| 215 | @a305页@d19cm | |
| 606 | @a脉冲电路:数字电路:晶体管电路 | |
| 606 | @a数字电路:晶体管电路:脉冲电路 | |
| 606 | @a晶体管电路:数字电路:脉冲电路 | |
| 690 | @aTN78@v3 | |
| 711 | 0 | @a清华大学工业自动系@Aqing hua da xue gong ye zi dong xi@4编 |
| 801 | 0 | @aCN@bTSSF@c20060516 |
| 801 | 2 | @aCN@bNLC@c20060516 |
| 905 | @a10447@dTN78@e2:3 | |
| 晶体管脉冲数字电路.下册/清华大学电子工程系,清华大学工业自动系编.-北京:科学出版社,1971 |
| 305页;19cm |
| ISBN :CNY0.65 |
| ● |
| 相关链接 |
|
|
|
|
正题名:晶体管脉冲数字电路
索取号:TN78/2:3
 
预约/预借
| 序号 | 登录号 | 条形码 | 馆藏地/架位号 | 状态 | 备注 |
| 1 | 0009884 | 202353675 | 密集书库/ [索取号:TN78/2:3] | 在馆 | |
| 2 | 0009885 | 202353657 | 密集书库/ [索取号:TN78/2:3] | 在馆 |